00349nam a2200133Ia 4500003000400000005001700004008004100021040001800062041000800080100004500088110001700133245004500150260002000195OSt20230530104412.0211028s2007 xx 000 0 und d cAIMIT LIBRARY aeng aPinto, Jenifer; Leelavathi, C.g50971399 aLeelavathi C aMalarial drugs and drug target database. aMangalorec2007